000 00570nam a22001937a 4500
005 20251108165359.0
008 250721s1987 xx 000 0 ara d
082 1 4 _aم/922.13/سهم
100 1 _aالسهمي، أبو القاسم حمزة بن يوسف بن إبراهيم ...
245 1 0 _aتاريخ جرجان /
250 _aط4
264 1 _aبيروت :
_bعالم الكتب،
_c1987.
300 _a777ص
650 1 7 _aالحديث الشريف
650 1 7 _aرواية الحديث
650 1 7 _aالتراجم
942 _2ddc
_cREF
999 _c26534
_d26534